[Event "IRI-ch U10 Girls"]
[Site "Chess.com INT"]
[Date "2021.01.16"]
[Round "5"]
[White "Noorani, Fatima"]
[Black "Bagherzadeh, Sogand"]
[Result "0-1"]
[WhiteElo "1112"]
[BlackElo "1060"]
[PlyCount "96"]
[EventDate "2021.01.16"]
[EventType "swiss"]
[EventRounds "9"]
[EventCountry "IRI"]
[SourceTitle "EXT 2022"]
[Source "ChessBase"]
[SourceDate "2021.10.06"]
[SourceVersion "1"]
[SourceVersionDate "2021.10.06"]
[SourceQuality "1"]

1. d4 Nf6 2. c4 e6 3. Nc3 Bb4 4. Nf3 d5 5. cxd5 exd5 6. e3 c6 7. g3 Bf5 8. Bg2 Nbd7 9. Bd2 Nb6 10. a3 Bd6 11. b3 h6 12. 0-0 0-0 13. Re1 Re8 14. Qc1 Ne4 15. Qd1 a5 16. Nh4 Bh7 17. Nf3 Qf6 18. Rf1 Qe7 19. Re1 Nxd2 20. Qxd2 Bxa3 21. Rf1 Nd7 22. Qd1 Bb2 23. Ra2 Bxc3 24. Qc1 Bb4 25. Ra1 Bd3 26. Rd1 Be2 27. Qc2 Bxd1 28. Rxd1 Nf6 29. Qb1 Ne4 30. Qc2 Qe6 31. Kh1 b5 32. Kg1 a4 33. bxa4 bxa4 34. Rb1 Bd6 35. Ra1 a3 36. Qd3 Reb8 37. Qc2 Rb2 38. Qc1 Rab8 39. h3 a2 40. Kh2 Rb1 41. Rxb1 axb1Q 42. Qxb1 Rxb1 43. h4 Nxf2 44. Ne5 Bxe5 45. dxe5 Qxe5 46. e4 Nxe4 47. Bxe4 Qxe4 48. Kh3 Rh1# 0-1